<?xml version="1.0" encoding="UTF-8"?>
<record
    xmlns:xsi="http://www.w3.org/2001/XMLSchema-instance"
    xsi:schemaLocation="http://www.loc.gov/MARC21/slim http://www.loc.gov/standards/marcxml/schema/MARC21slim.xsd"
    xmlns="http://www.loc.gov/MARC21/slim">

  <leader>05982nam a2200565Ia 4500</leader>
  <controlfield tag="001">dia_4616</controlfield>
  <controlfield tag="003">CHAP</controlfield>
  <controlfield tag="005">20240723134554.0</controlfield>
  <controlfield tag="007">ta</controlfield>
  <controlfield tag="008">220117s2017    mx abdofrm    001 0 spa d</controlfield>
  <datafield tag="010" ind1=" " ind2=" ">
    <subfield code="a">177516</subfield>
  </datafield>
  <datafield tag="040" ind1=" " ind2=" ">
    <subfield code="c">CHAP</subfield>
    <subfield code="a">mxchpua</subfield>
  </datafield>
  <datafield tag="041" ind1="0" ind2=" ">
    <subfield code="a">spa</subfield>
    <subfield code="b">eng</subfield>
  </datafield>
  <datafield tag="090" ind1=" " ind2=" ">
    <subfield code="a">Tesis </subfield>
    <subfield code="b">P472 </subfield>
    <subfield code="c">2017</subfield>
  </datafield>
  <datafield tag="100" ind1="1" ind2=" ">
    <subfield code="a">P&#xE9;rez Esteban, Guillermo</subfield>
  </datafield>
  <datafield tag="240" ind1="1" ind2="0">
    <subfield code="a">Characterization of panela oreado cheese of Soyatl&#xE1;n, Jalisco.</subfield>
    <subfield code="l">Espa&#xF1;ol</subfield>
  </datafield>
  <datafield tag="245" ind1="1" ind2="0">
    <subfield code="a">Caracterizaci&#xF3;n del queso panela oreado de Soyatl&#xE1;n, Jalisco  /</subfield>
    <subfield code="c">Guillermo P&#xE9;rez Esteb&#xE1;n</subfield>
  </datafield>
  <datafield tag="264" ind1=" " ind2=" ">
    <subfield code="a">Chapingo, M&#xE9;xico :</subfield>
    <subfield code="b">El autor,</subfield>
    <subfield code="c">2017</subfield>
  </datafield>
  <datafield tag="300" ind1=" " ind2=" ">
    <subfield code="a">xvii, 171 hojas :</subfield>
    <subfield code="b">ilustraciones, mapas, gr&#xE1;ficas, diagramas, tablas, fotos +</subfield>
    <subfield code="e">1 CD-ROM</subfield>
  </datafield>
  <datafield tag="336" ind1=" " ind2=" ">
    <subfield code="2">rdacontent</subfield>
    <subfield code="a">texto</subfield>
    <subfield code="b">txt</subfield>
  </datafield>
  <datafield tag="337" ind1=" " ind2=" ">
    <subfield code="2">rdamedia</subfield>
    <subfield code="a">no mediado</subfield>
    <subfield code="b">n</subfield>
  </datafield>
  <datafield tag="338" ind1=" " ind2=" ">
    <subfield code="2">rdacarrier</subfield>
    <subfield code="a">volumen</subfield>
    <subfield code="b">nc</subfield>
  </datafield>
  <datafield tag="500" ind1=" " ind2=" ">
    <subfield code="a">El CD contiene art&#xED;culo y reporte</subfield>
  </datafield>
  <datafield tag="502" ind1=" " ind2=" ">
    <subfield code="a">Tesis </subfield>
    <subfield code="b">(Maestro en Ciencias en Ciencia y Tecnolog&#xED;a Agroalimentaria) -- </subfield>
    <subfield code="c">UACh. Departamento de Ingenier&#xED;a Agroindustrial, </subfield>
    <subfield code="d">2017</subfield>
  </datafield>
  <datafield tag="504" ind1=" " ind2=" ">
    <subfield code="a">Incluye bibliograf&#xED;as</subfield>
  </datafield>
  <datafield tag="520" ind1="3" ind2=" ">
    <subfield code="a">El queso panela oreado de Soyatl&#xE1;n, Jalisco, es un queso tradicional mexicano que presenta rasgos &#xFA;nicos: historia, saber-hacer, caracter&#xED;sticas sensoriales &#xFA;nicas, debido a la materia prima y a la microbiota de la leche y del entorno; estos factores influyen y dan tipicidad a este gran queso mexicano. Lo anterior se confirm&#xF3; con el estudio del Sistema Agroindustrial (SAI) leche-queso panela oreado. Los an&#xE1;lisis proximales en leche, y queso y los an&#xE1;lisis microbiol&#xF3;gicos en el mismo, presentaron diferencias estad&#xED;sticas significativas (? = 0.05) en ambas temporadas. Para esto mediante muestreo dirigido se seleccionaron cuatro queser&#xED;as. Se estudi&#xF3; el SAI leche-queso panela oreado: se hall&#xF3; que es un sistema corto, donde los actores de la cadena se encuentran en constante comunicaci&#xF3;n, lo cual fortalece el sistema. En cuanto a la leche, los componentes grasa y prote&#xED;na de la leche fueron estad&#xED;sticamente superiores en temporada de lluvias que en estiaje. En el queso, los componentes que variaron fueron la grasa y minerales. Las cuentas de Staphylococcus aureus, coliformes totales, y levaduras estuvieron por encima de lo establecido por la NOM-243-SSA1-2010, mientras, que la identificaci&#xF3;n de Salmonella spp., result&#xF3; ser negativa en 25 g. La caracterizaci&#xF3;n sensorial del queso panela oreado, evaluado a trav&#xE9;s de la t&#xE9;cnica an&#xE1;lisis descriptivo cuantitativo (QDA) demostr&#xF3; que los atributos sensoriales que caracterizan los quesos muestreados son; aroma a l&#xE1;cteo fermentado, sabor &#xE1;cido, presencia de agujeros, apariencia h&#xFA;meda y amarillamiento. Tambi&#xE9;n se identific&#xF3;, genot&#xED;picamente, levaduras aisladas (12 cepas) del queso panela oreado. Se reconocieron las especies; Kluyveromyces lactis, Yarrowia lipolytica, Debaryomyces hansenii, Candida parapsilosis y Candida sp., en el queso panela de Soyatl&#xE1;n, Jalisco; se puede inferir que estas levaduras, aisladas e identificadas confieren cualidades sensoriales en el queso panela oreado. --</subfield>
  </datafield>
  <datafield tag="520" ind1="3" ind2=" ">
    <subfield code="a">Panela oreado cheese from Soyatlan, Jalisco, is a traditional Mexican cheese with unique characteristics: history, know-how and unique sensorial characteristics, due to the raw material and the microbiota of the milk and the environment; these factors influence and give typicity to this great Mexican cheese. This was confirmed by the study of the milk-panela oreado cheese agroindustrial system (AIS). Proximal analyzes in milk and cheese and microbiological analyzes thereof presented significant statistical differences (&#x192;&#xBF; = 0.05) in both seasons. For this, four cheese factories were selected by directed sampling. The milk-panela oreado cheese AIS was studied: it was found to be a short system, where the actors of the chain are in constant communication, which strengthens the system. As for milk, the milk fat and protein components were statistically higher in the rainy season than in the dry season. In cheese, the components that varied were fat and minerals. Staphylococcus aureus, total coliform, and yeast bacteria counts were above that established by NOM-243-SSA1-2010, while the identification of Salmonella spp. was found to be negative in 25 g. The sensorial characterization of panela oreado cheese, evaluated through the quantitative descriptive analysis (QDA) technique, showed that the sensorial attributes that characterize the sampled cheeses are: fermented dairy aroma, acidic taste, presence of holes, moist appearance and yellowing. Genotypically, isolated yeasts (12 strains) of the panela cheese were also identified. Species recognized in the panela cheese from Soyatlan, Jalisco were: Kluyveromyces lactis, Yarrowia lipolytica, Debaryomyces hansenii, Candida parapsilosis and Candida sp. It can be inferred that these isolated and identified yeasts confer sensory qualities on panela cheese made from raw milk.</subfield>
  </datafield>
  <datafield tag="650" ind1="1" ind2="3">
    <subfield code="a">Evaluaci&#xF3;n sensorial de los alimentos  </subfield>
    <subfield code="2">atg</subfield>
  </datafield>
  <datafield tag="650" ind1="1" ind2="3">
    <subfield code="a">Fabricaci&#xF3;n de queso</subfield>
    <subfield code="2">atg</subfield>
    <subfield code="z">M&#xE9;xico</subfield>
    <subfield code="z">Jalisco  </subfield>
  </datafield>
  <datafield tag="650" ind1="1" ind2="3">
    <subfield code="a">Inocuidad alimentaria  </subfield>
    <subfield code="2">atg</subfield>
  </datafield>
  <datafield tag="650" ind1="1" ind2="3">
    <subfield code="a">Levaduras</subfield>
    <subfield code="x">Identificaci&#xF3;n  </subfield>
    <subfield code="2">atg</subfield>
  </datafield>
  <datafield tag="650" ind1="1" ind2="3">
    <subfield code="a">Quesos  </subfield>
    <subfield code="2">atg</subfield>
    <subfield code="x">Propiedades fisicoqu&#xED;micas</subfield>
  </datafield>
  <datafield tag="650" ind1="1" ind2="3">
    <subfield code="a">Cheeses  </subfield>
    <subfield code="2">atg</subfield>
    <subfield code="x">Physicochemical properties</subfield>
  </datafield>
  <datafield tag="650" ind1="1" ind2="3">
    <subfield code="a">Cheesemaking</subfield>
    <subfield code="2">atg</subfield>
    <subfield code="z">Mexico</subfield>
    <subfield code="z">Jalisco  </subfield>
  </datafield>
  <datafield tag="650" ind1="1" ind2="3">
    <subfield code="a">Sensory evaluation  </subfield>
  </datafield>
  <datafield tag="650" ind1="1" ind2="3">
    <subfield code="a">Food safety  </subfield>
    <subfield code="2">atg</subfield>
  </datafield>
  <datafield tag="650" ind1="1" ind2="3">
    <subfield code="a">Yeasts</subfield>
    <subfield code="x">Identification</subfield>
    <subfield code="2">atg</subfield>
  </datafield>
  <datafield tag="700" ind1="1" ind2=" ">
    <subfield code="a">Villegas de Gante, Abraham Zacarias</subfield>
    <subfield code="e">director</subfield>
  </datafield>
  <datafield tag="700" ind1="1" ind2=" ">
    <subfield code="a">Hern&#xE1;ndez Montes, Arturo</subfield>
    <subfield code="e">asesor</subfield>
  </datafield>
  <datafield tag="700" ind1="1" ind2=" ">
    <subfield code="a">Santos Moreno, Armando</subfield>
    <subfield code="e">asesor</subfield>
  </datafield>
  <datafield tag="700" ind1="1" ind2=" ">
    <subfield code="a">Valadez Moctezuma, Ernestina</subfield>
    <subfield code="e">asesora</subfield>
  </datafield>
  <datafield tag="856" ind1="4" ind2="1">
    <subfield code="u">http://10.13.5.2/tesis/sist113246.pdf</subfield>
    <subfield code="y">DESCARGAR PDF</subfield>
  </datafield>
  <datafield tag="901" ind1=" " ind2=" ">
    <subfield code="a">TESIS P472 2017</subfield>
  </datafield>
  <datafield tag="902" ind1=" " ind2=" ">
    <subfield code="a">M</subfield>
  </datafield>
  <datafield tag="905" ind1=" " ind2=" ">
    <subfield code="a">5232272017                          mx 20178223123322spa16</subfield>
  </datafield>
  <datafield tag="942" ind1=" " ind2=" ">
    <subfield code="c">TESIS</subfield>
    <subfield code="2">Clasificaci&#xF3;n Universidad Aut&#xF3;noma de Chapingo</subfield>
  </datafield>
  <datafield tag="999" ind1=" " ind2=" ">
    <subfield code="c">177516</subfield>
    <subfield code="d">177516</subfield>
  </datafield>
  <datafield tag="952" ind1=" " ind2=" ">
    <subfield code="0">0</subfield>
    <subfield code="1">0</subfield>
    <subfield code="2">local</subfield>
    <subfield code="4">0</subfield>
    <subfield code="5">1</subfield>
    <subfield code="7">0</subfield>
    <subfield code="8">TESIS</subfield>
    <subfield code="a">IA_</subfield>
    <subfield code="b">IA_</subfield>
    <subfield code="d">2022-01-18</subfield>
    <subfield code="e">El autor</subfield>
    <subfield code="l">0</subfield>
    <subfield code="o">Tesis P472 2017</subfield>
    <subfield code="p">1101010446</subfield>
    <subfield code="r">2022-01-18 00:00:00</subfield>
    <subfield code="t">Ej. 3</subfield>
    <subfield code="w">2022-01-18</subfield>
    <subfield code="y">CD</subfield>
  </datafield>
  <datafield tag="952" ind1=" " ind2=" ">
    <subfield code="0">0</subfield>
    <subfield code="1">0</subfield>
    <subfield code="2">local</subfield>
    <subfield code="4">0</subfield>
    <subfield code="5">1</subfield>
    <subfield code="7">0</subfield>
    <subfield code="8">TESIS</subfield>
    <subfield code="a">IA_</subfield>
    <subfield code="b">IA_</subfield>
    <subfield code="d">2022-01-18</subfield>
    <subfield code="e">El autor</subfield>
    <subfield code="l">0</subfield>
    <subfield code="o">Tesis P472 2017</subfield>
    <subfield code="p">1101010445</subfield>
    <subfield code="r">2026-02-02 00:00:00</subfield>
    <subfield code="t">Ej. 1</subfield>
    <subfield code="w">2022-01-18</subfield>
    <subfield code="y">TESIS</subfield>
  </datafield>
  <datafield tag="952" ind1=" " ind2=" ">
    <subfield code="0">0</subfield>
    <subfield code="1">0</subfield>
    <subfield code="2">local</subfield>
    <subfield code="4">0</subfield>
    <subfield code="7">0</subfield>
    <subfield code="8">TesDigM</subfield>
    <subfield code="a">IA_</subfield>
    <subfield code="b">IA_</subfield>
    <subfield code="c">E_L</subfield>
    <subfield code="d">2024-07-23</subfield>
    <subfield code="e">El autor</subfield>
    <subfield code="l">0</subfield>
    <subfield code="p">1201010445</subfield>
    <subfield code="r">2024-07-23 00:00:00</subfield>
    <subfield code="w">2024-07-23</subfield>
    <subfield code="y">TD</subfield>
  </datafield>
  <datafield tag="952" ind1=" " ind2=" ">
    <subfield code="0">0</subfield>
    <subfield code="1">0</subfield>
    <subfield code="2">local</subfield>
    <subfield code="4">0</subfield>
    <subfield code="5">5</subfield>
    <subfield code="7">0</subfield>
    <subfield code="8">TESIS</subfield>
    <subfield code="a">IA_</subfield>
    <subfield code="b">IA_</subfield>
    <subfield code="d">2026-02-09</subfield>
    <subfield code="e">El autor</subfield>
    <subfield code="l">0</subfield>
    <subfield code="o">Tesis P472 2017</subfield>
    <subfield code="p">1101016359</subfield>
    <subfield code="r">2026-02-09 12:59:24</subfield>
    <subfield code="t">Ej. 2</subfield>
    <subfield code="w">2026-02-09</subfield>
    <subfield code="y">TESIS</subfield>
  </datafield>
</record>
